000 00823nam a2200229Ia 4500
003 GCL
005 20240530110112.0
008 140319s9999 xx 000 0 ara d
040 _aGCL /
_cGCL
082 0 4 _a709.1
_bب ت
100 1 _aبريجز، كريستى ارنولد
245 1 0 _aتراث الاسلام فى الفنون الفرعية والتصوير والعمارة /
_cبريجز، كريستى ارنولد ؛ ترجمة زكى محمد حسن
260 _a[S.N] :
_bدار الكتاب العربى ،
_c1984
300 _a180 ص
650 0 4 _aالعمارة الاسلامية
650 0 4 _aالاثار الاسلامية
650 0 4 _aالفن
650 0 4 _aالحضارة الاسلامية
650 0 4 _aالفن الاسلامى
700 1 _aزكى محمد حسن
942 _2ddc
_cBK
999 _c58563
_d58563